| 000 | 00509cas a22001935a 4500 | ||
|---|---|---|---|
| 001 | L107391 | ||
| 008 | 070704c1993 ne fr p 0 a0eng u | ||
| 022 | 0 | _a1358-6734 | |
| 035 | _a(Sirsi) u107391 | ||
| 041 | 0 | _aeng | |
| 245 | 0 | 0 | _aEngineering Surveying Showcase |
| 260 |
_aAC Lemmer _bGITC _c1993- |
||
| 362 | 0 | _a(1) 2000- | |
| 520 | _aKept for five years | ||
| 554 | _aTwo per year | ||
| 651 | 4 | _aInternational | |
| 690 | _aENVIRONMENTAL AND LAND CONSULTANCY-GEOMATICS-LAND SURVEYING | ||
| 942 | _n0 | ||
| 999 |
_c118725 _d118725 |
||